=LDR 00000nam 2200000 4500 =001 INLIS000000000006302 =005 20251106012320 =035 ##$$a 0010-1125000176 =007 ta =008 251106###########################0#ind## =082 ##$$a 354.54 =084 ##$$a 354.54 BAD r =100 #$$a Badan Koordinasi Keluarga Berencana Nasional =245 1#$$a Report On The Visit To Bangladesh /$c Badan Koordinasi Keluarga Berencana Nasional =260 ##$$a Dhaka :$b Badan Koordinasi Keluarga Berencana Nasional,$c 1990 =300 ##$$a 19 Hal : $b Ilus ; $c 21 =650 #4$$a Keluarga Berencana =856 ##$$a Perpustakaan Kemendukbangga